000 01002nam a2200241Ia 4500
003 Ost
005 20260507075112.0
008 260507s9999||||xx |||||||||||||| ||und||
040 _cfsecg
041 _aara
082 _a330
100 _aمقلد، رمضان محمد
_eمؤلف
245 0 _aاقتصاديات الموارد والبيئة /
_c رمضان محمد مقلد
260 _aالاسكندرية:
_bالدار الجامعية,
_c2000
300 _a300 صفحة؛
_bإيضاحات ؛
_c24 سم
504 _aببليوغرافيا:ص.399-400
520 _aاقتصاديات الطاقة،الموارد الزراعية والغذائية،اقتصاديات الموارد البشرية،مشكلة التلوث واستنزاف الموارد
653 _aاقتصاديات
653 _aالزراعة-اقتصاديات
653 _aالصناعة-اقتصاديات
700 _aعايد، عفاف عبد العزيز
_eمؤلف ثانوي
942 _cكتاب
999 _c42935
_d42935